NBA Players With The Most Fans On Facebook - Statistics

General Stats
  • This quiz has been taken 3,316 times
    3,311 since last reset
  • The average score is 11 of 30
Answer Stats
Rank Fans Player % Correct
2 12,706,221 LeBron James
100%
1 14,385,775 Kobe Bryant
83%
5 3,328,373 Kevin Durant
79%
3 6,767,397 Dwyane Wade
67%
6 3,224,425 Pau Gasol
67%
8 2,571,585 Paul Pierce
65%
16 909,363 Russell Westbrook
65%
14 1,044,327 Chris Paul
56%
12 1,561,112 Carmelo Anthony
55%
20 811,845 Chris Bosh
54%
7 2,758,904 Dwight Howard
47%
10 1,960,649 Dirk Nowitzki
45%
4 6,173,773 Derrick Rose
44%
11 1,924,384 Blake Griffin
43%
18 883,207 Tony Parker
39%
9 2,029,709 Steve Nash
36%
27 249,930 Kevin Love
30%
22 457,772 Baron Davis
27%
17 895,000 Manu Ginobili
26%
23 427,037 Deron Williams
25%
15 1,038,729 Jeremy Lin
18%
21 604,155 Amar'e Stoudemire
17%
30 131,248 Tyson Chandler
12%
13 1,215,039 Tracy McGrady
11%
29 153,335 Serge Ibaka
10%
19 865,374 Lamar Odom
9%
24 374,850 Derek Fisher
7%
25 364,477 Greg Oden
2%
28 196,847 Rashard Lewis
2%
26 272,594 Shannon Brown
0%
No matching quizzes found
Score Distribution
Percent of People with Each Score
Percentile by Number Answered
Your Score History
You have not taken this quiz since the last reset